[Event "SR 2. liga A 2018/2019"]
[Site "?"]
[Date "2019.04.07"]
[Round "11.1"]
[White "Gabris, Ondrej"]
[Black "Janos, Martin"]
[Result "1/2-1/2"]
[WhiteElo "2168"]
[BlackElo "2151"]
[PlyCount "32"]
[EventDate "2018.??.??"]
[WhiteTeam "KS Pezinok"]
[BlackTeam "SK Slovan Bratislava D"]

1. d4 Nf6 2. Nf3 c5 3. e3 b6 4. Bd3 Bb7 5. Nbd2 g6 6. O-O Bg7 7. c3 d5 8. Ne5
Nbd7 9. f4 O-O 10. Qf3 e6 11. Qh3 Ne4 12. Ndf3 h6 13. Bd2 Nxe5 14. fxe5 Qc8 15.
Be1 Ba6 16. Bxa6 Qxa6 1/2-1/2

[Event "SR 2. liga A 2018/2019"]
[Site "?"]
[Date "2019.04.07"]
[Round "11.2"]
[White "Kolcak, Marek"]
[Black "Gazi, Mikulas"]
[Result "1/2-1/2"]
[WhiteElo "2117"]
[BlackElo "2016"]
[PlyCount "47"]
[EventDate "2018.??.??"]
[WhiteTeam "SK Slovan Bratislava D"]
[BlackTeam "KS Pezinok"]

1. e4 c5 2. Nf3 Nc6 3. d4 cxd4 4. Nxd4 Nf6 5. Nc3 g6 6. Be3 Bg7 7. f3 O-O 8.
Be2 d5 9. exd5 Nb4 10. O-O Nfxd5 11. Nxd5 Nxd5 12. Bf2 Nf4 13. c3 e5 14. Nb5
Qg5 15. Bg3 Rd8 16. Qe1 Bf5 17. Bxf4 Qxf4 18. Rd1 Rxd1 19. Qxd1 Qe3+ 20. Kh1
Qb6 21. Qd6 Qa5 22. Qa3 Qb6 23. Qd6 Qa5 24. Qa3 1/2-1/2

[Event "SR 2. liga A 2018/2019"]
[Site "?"]
[Date "2019.04.07"]
[Round "11.3"]
[White "Kosnac, Patrik"]
[Black "Janos, Jozef"]
[Result "0-1"]
[WhiteElo "1926"]
[BlackElo "2109"]
[PlyCount "76"]
[EventDate "2018.??.??"]
[WhiteTeam "KS Pezinok"]
[BlackTeam "SK Slovan Bratislava D"]

1. d4 Nf6 2. c4 e6 3. Nf3 Bb4+ 4. Bd2 Qe7 5. a3 Bxd2+ 6. Qxd2 d6 7. Nc3 O-O 8.
e4 e5 9. d5 Nbd7 10. b4 a5 11. Qb2 Nh5 12. Be2 axb4 13. axb4 Rxa1+ 14. Qxa1 Nf4
15. Qa5 b6 16. Qa7 Nf6 17. Bf1 Ne8 18. g3 Bg4 19. Nd2 Nh3 20. Nb5 Qg5 21. Bxh3
Bxh3 22. Nxc7 Nf6 23. Ke2 Bg2 24. Ra1 Nxe4 25. Nxe4 Qg4+ 26. Kd2 Qxe4 27. Qxb6
Qxc4 28. Rc1 Qa2+ 29. Rc2 Qb1 30. Rc1 Qf5 31. Rc6 Bf1 32. Qe3 Qb1 33. Qc3 Rd8
34. Rb6 Qa2+ 35. Qc2 Qa7 36. Qc6 g6 37. Rb7 Qxf2+ 38. Kc1 Bd3 0-1

[Event "SR 2. liga A 2018/2019"]
[Site "?"]
[Date "2019.04.07"]
[Round "11.4"]
[White "Fabry, Robert"]
[Black "Mrkvik, Jan"]
[Result "1/2-1/2"]
[WhiteElo "2123"]
[BlackElo "1895"]
[PlyCount "74"]
[EventDate "2018.??.??"]
[WhiteTeam "SK Slovan Bratislava D"]
[BlackTeam "KS Pezinok"]

1. e4 e6 2. d4 d5 3. Nc3 Nf6 4. Bg5 dxe4 5. Nxe4 Be7 6. Nc3 O-O 7. Nf3 b6 8.
Bd3 Bb7 9. O-O Nbd7 10. Ne5 h6 11. Bf4 c5 12. dxc5 Bxc5 13. Bb5 Nxe5 14. Bxe5
Nd5 15. Qg4 Qg5 16. Qxg5 hxg5 17. Ne4 Be7 18. Bd6 Rfd8 19. Bxe7 Nxe7 20. Bd3 f6
21. Rad1 Rac8 22. Nc3 Nc6 23. a3 Ne5 24. Be2 Ng6 25. Rfe1 Nf4 26. Bf1 Nd5 27.
Nxd5 Bxd5 28. c4 Bb7 29. Rxd8+ Rxd8 30. Rxe6 Kf7 31. Re3 Rd2 32. Rd3 Rxd3 33.
Bxd3 Ke6 34. g3 Ke5 35. Kf1 Kd4 36. Ke2 Bf3+ 37. Kd2 Bg4 1/2-1/2

[Event "SR 2. liga A 2018/2019"]
[Site "?"]
[Date "2019.04.07"]
[Round "11.6"]
[White "Mikulas, Dusan"]
[Black "Varholak, Peter"]
[Result "1-0"]
[WhiteElo "1986"]
[BlackElo "1742"]
[PlyCount "115"]
[EventDate "2018.??.??"]
[WhiteTeam "SK Slovan Bratislava D"]
[BlackTeam "KS Pezinok"]

1. e4 d5 2. exd5 Nf6 3. d4 Nxd5 4. c4 Nf6 5. Nf3 Bg4 6. Be2 e6 7. O-O Be7 8.
Be3 O-O 9. Ne5 Bxe2 10. Qxe2 Nbd7 11. Nc3 c6 12. f4 a6 13. g4 Ne8 14. g5 Nd6
15. Rf3 Nf5 16. Rh3 g6 17. Ng4 Kg7 18. Ne4 Rh8 19. Rd1 h5 20. gxh6+ Nxh6 21.
Nxh6 Rxh6 22. Rxh6 Kxh6 23. f5+ Kg7 24. fxe6 fxe6 25. Kh1 Qa5 26. Rg1 Rh8 27.
c5 Qxa2 28. Qg4 Nf8 29. Bf4 Rh4 30. Qf3 Qd5 31. Be5+ Kg8 32. Re1 Nd7 33. Bg3
Rh5 34. Qg4 Qf5 35. Qe2 Qd5 36. Qg4 Qf5 37. Qe2 Nf8 38. Be5 Rh4 39. Ng3 Qg4 40.
Qf2 Rh7 41. Rf1 Nd7 42. Qe3 Rf7 43. Rxf7 Kxf7 44. Ne4 Nxe5 45. dxe5 Qd1+ 46.
Kg2 Qc2+ 47. Qf2+ Qxf2+ 48. Kxf2 Kg7 49. Nd6 Bd8 50. Nxb7 Bc7 51. Nd6 Kh6 52.
Kf3 Kg5 53. Ke4 Kh4 54. Ne8 Ba5 55. Ng7 g5 56. Nxe6 g4 57. Nd4 Kh3 58. e6 1-0

[Event "SR 2. liga A 2018/2019"]
[Site "?"]
[Date "2019.04.07"]
[Round "11.7"]
[White "Moravcik, Denis"]
[Black "Tepper, Frantisek"]
[Result "1/2-1/2"]
[WhiteElo "1716"]
[BlackElo "2019"]
[PlyCount "116"]
[EventDate "2018.??.??"]
[WhiteTeam "KS Pezinok"]
[BlackTeam "SK Slovan Bratislava D"]

1. d4 Nf6 2. c4 c5 3. d5 e6 4. Nc3 exd5 5. cxd5 d6 6. e4 Be7 7. Nf3 O-O 8. Bd3
a6 9. a4 Re8 10. O-O Nfd7 11. Bf4 Qc7 12. Qc2 Bf6 13. e5 dxe5 14. Bxh7+ Kh8 15.
Bg5 Nf8 16. Bxf6 Nxh7 17. Bxe5 Qd8 18. Rfe1 Bd7 19. Re4 Kg8 20. Rh4 g6 21. Qe4
Bf5 22. Qf4 f6 23. Qh6 g5 24. Rh5 Qe7 25. g4 Nd7 26. Bd6 Qxd6 27. gxf5 Qe7 28.
d6 Qg7 29. Nd5 Qxh6 30. Rxh6 Re4 31. Nc7 Rc8 32. b3 Ndf8 33. Re1 Rxe1+ 34. Nxe1
Rd8 35. Nd3 b6 36. Nxa6 Rxd6 37. Rh3 Rd5 38. Rf3 Kf7 39. Nc7 Rd8 40. Nb2 g4 41.
Rd3 Rxd3 42. Nxd3 Ng5 43. Nxc5 bxc5 44. a5 Nd7 45. a6 Nb6 46. a7 Nf3+ 47. Kg2
Nd4 48. a8=Q Nxa8 49. Nxa8 Nxb3 50. Nb6 Nd2 51. Nd5 c4 52. Nc3 Nf3 53. h3 Ne1+
54. Kg3 gxh3 55. Kxh3 Nd3 56. Kg3 Nb4 57. Kf3 Ke7 58. Ke4 Kd6 1/2-1/2

[Event "SR 2. liga A 2018/2019"]
[Site "?"]
[Date "2019.04.07"]
[Round "11.8"]
[White "Kuna, Vladimir"]
[Black "Scepan, Juraj"]
[Result "1/2-1/2"]
[WhiteElo "2000"]
[BlackElo "1753"]
[PlyCount "114"]
[EventDate "2018.??.??"]
[WhiteTeam "SK Slovan Bratislava D"]
[BlackTeam "KS Pezinok"]

1. d4 Nf6 2. Nf3 g6 3. c4 Bg7 4. Nc3 d6 5. Bg5 O-O 6. e3 c6 7. h3 h6 8. Bh4 Bf5
9. Bd3 Bxd3 10. Qxd3 d5 11. cxd5 cxd5 12. O-O Nbd7 13. Rac1 Qa5 14. Ne5 e6 15.
Nxd7 Nxd7 16. Qb5 Qxb5 17. Nxb5 a6 18. Nd6 g5 19. Bg3 b5 20. Rc7 Nf6 21. f3 Ne8
22. Nxe8 Rfxe8 23. Rfc1 Bf8 24. Kf2 Re7 25. Ke2 Rxc7 26. Rxc7 Bg7 27. Kd3 Bf8
28. Be5 Bg7 29. Bxg7 Kxg7 30. e4 dxe4+ 31. fxe4 Kg6 32. g4 a5 33. a3 Ra6 34.
Rc5 b4 35. a4 h5 36. d5 exd5 37. exd5 f6 38. Kc4 hxg4 39. hxg4 Ra8 40. Rc6 Re8
41. Kc5 Re2 42. b3 Re3 43. d6 Kf7 44. Kb6 Rxb3 45. Kxa5 Rg3 46. Kxb4 Rxg4+ 47.
Kb5 Rg1 48. Rc2 Ke8 49. Kc6 Kd8 50. Rh2 Rc1+ 51. Kd5 g4 52. Ke6 Re1+ 53. Kxf6
Kd7 54. Rg2 Re4 55. a5 Ra4 56. Kf5 Rxa5+ 57. Kxg4 Kxd6 1/2-1/2

[Event "SR 2. liga A 2018/2019"]
[Site "?"]
[Date "2019.04.07"]
[Round "11.1"]
[White "Pechac, Jergus"]
[Black "Sahidi, Samir"]
[Result "1-0"]
[WhiteElo "2464"]
[BlackElo "2394"]
[PlyCount "95"]
[EventDate "2018.??.??"]
[WhiteTeam "SK Osuske B"]
[BlackTeam "SK Doprastav"]

1. d4 Nf6 2. c4 e6 3. Nf3 b6 4. g3 Bb7 5. Bg2 Bb4+ 6. Bd2 Bxd2+ 7. Qxd2 Nc6 8.
O-O O-O 9. Rd1 Ne7 10. Qc2 Qc8 11. Nc3 d5 12. cxd5 Nexd5 13. Rac1 c5 14. Nxd5
Bxd5 15. dxc5 Qxc5 16. Qxc5 bxc5 17. Nd2 Rac8 18. e4 Bb7 19. Nc4 Rc7 20. Nd6 c4
21. f3 Ba6 22. Bf1 Rd8 23. Nxc4 Rdc8 24. b3 Nd7 25. Rd6 Bxc4 26. Rxc4 Rxc4 27.
Bxc4 Ne5 28. Be2 g5 29. f4 gxf4 30. gxf4 Ng6 31. f5 Rc1+ 32. Kf2 Nf4 33. Bc4
Kg7 34. Ke3 e5 35. Rd7 Kh6 36. Rxf7 Rc3+ 37. Kd2 Rh3 38. Rxa7 Rxh2+ 39. Kc3
Rh3+ 40. Kb4 Kg5 41. a4 h5 42. a5 h4 43. a6 Rg3 44. Rg7+ Kh6 45. Rxg3 hxg3 46.
a7 g2 47. a8=Q g1=Q 48. Qh8+ 1-0

[Event "SR 2. liga A 2018/2019"]
[Site "?"]
[Date "2019.04.07"]
[Round "11.2"]
[White "Schwarz, Dusan"]
[Black "Jablonicky, Martin"]
[Result "0-1"]
[WhiteElo "2314"]
[BlackElo "2322"]
[PlyCount "78"]
[EventDate "2018.??.??"]
[WhiteTeam "SK Doprastav"]
[BlackTeam "SK Osuske B"]

1. d4 Nf6 2. c4 g6 3. Nc3 Bg7 4. e4 d6 5. f3 O-O 6. Nge2 a6 7. Be3 b5 8. cxb5
axb5 9. Nxb5 c6 10. Nbc3 Nbd7 11. Nc1 e5 12. Be2 d5 13. dxe5 Nxe5 14. O-O dxe4
15. Qxd8 Rxd8 16. Bg5 exf3 17. Bxf3 Nxf3+ 18. Rxf3 Rd6 19. Bf4 Re6 20. Nb3 Ne4
21. Rd1 Ba6 22. Nd4 Nxc3 23. bxc3 Re4 24. Rb1 Rae8 25. g3 c5 26. Nb5 Re1+ 27.
Rxe1 Rxe1+ 28. Kf2 Ra1 29. Rd3 Rxa2+ 30. Kg1 Ra1+ 31. Kf2 Rf1+ 32. Kg2 Rxf4 33.
Rd8+ Bf8 34. gxf4 Bxb5 35. f5 gxf5 36. Kf3 Bc4 37. Kf4 Be6 38. h4 Kg7 39. h5 h6
0-1

[Event "SR 2. liga A 2018/2019"]
[Site "?"]
[Date "2019.04.07"]
[Round "11.3"]
[White "Karas, Marek"]
[Black "Cech, Dominik"]
[Result "1-0"]
[WhiteElo "2246"]
[BlackElo "2100"]
[PlyCount "85"]
[EventDate "2018.??.??"]
[WhiteTeam "SK Osuske B"]
[BlackTeam "SK Doprastav"]

1. d4 Nf6 2. Bg5 c5 3. Bxf6 gxf6 4. e3 Qb6 5. b3 f5 6. Nf3 Bg7 7. c3 f4 8. exf4
cxd4 9. Nxd4 Bxd4 10. Qxd4 Qxd4 11. cxd4 Nc6 12. Nc3 Nxd4 13. O-O-O Nc6 14. Nd5
Rb8 15. Bd3 Kf8 16. Rhe1 e6 17. Nf6 Ke7 18. Nh5 d5 19. Bb1 Kd6 20. Nf6 Bd7 21.
h3 h6 22. Kb2 Rbd8 23. f5 Kc7 24. Rc1 Bc8 25. f4 Kb6 26. Rcd1 a6 27. g4 d4 28.
fxe6 fxe6 29. Be4 Rhf8 30. Nh5 Ne7 31. Rd2 Rd6 32. h4 Kc5 33. g5 hxg5 34. hxg5
Nd5 35. Bxd5 exd5 36. Nf6 Bf5 37. Rc1+ Kb6 38. Rxd4 Rfd8 39. Rb4+ Ka7 40. Rc7
Rb6 41. Rd4 Rh8 42. Rd2 d4 43. Rc5 1-0

[Event "SR 2. liga A 2018/2019"]
[Site "?"]
[Date "2019.04.07"]
[Round "11.4"]
[White "Polacik, Igor"]
[Black "Spacek, Oliver"]
[Result "1/2-1/2"]
[WhiteElo "2181"]
[BlackElo "2195"]
[PlyCount "40"]
[EventDate "2018.??.??"]
[WhiteTeam "SK Doprastav"]
[BlackTeam "SK Osuske B"]

1. e4 c5 2. Nf3 Nc6 3. d4 cxd4 4. Nxd4 e5 5. Nb5 a6 6. Nd6+ Bxd6 7. Qxd6 Qf6 8.
Qxf6 Nxf6 9. Nc3 d5 10. Bd3 Be6 11. O-O d4 12. Ne2 Nd7 13. Bd2 O-O 14. f4 f6
15. f5 Bf7 16. a3 Rac8 17. g4 Rc7 18. Kf2 Nb6 19. Rg1 Nc4 20. Bc1 Nd6 1/2-1/2

[Event "SR 2. liga A 2018/2019"]
[Site "?"]
[Date "2019.04.07"]
[Round "11.5"]
[White "Jozefek, Michal"]
[Black "Petrik, Stanislav"]
[Result "1/2-1/2"]
[WhiteElo "2192"]
[BlackElo "2149"]
[PlyCount "99"]
[EventDate "2018.??.??"]
[WhiteTeam "SK Osuske B"]
[BlackTeam "SK Doprastav"]

1. d4 Nf6 2. c4 e6 3. Nc3 Bb4 4. Qc2 c5 5. dxc5 O-O 6. Nf3 Na6 7. a3 Bxc3+ 8.
Qxc3 Nxc5 9. e3 b6 10. Be2 Bb7 11. O-O Rc8 12. b4 Nce4 13. Qd4 d6 14. Bb2 e5
15. Qd1 Qe7 16. Rc1 Rc7 17. Ne1 Rfc8 18. f3 Ng5 19. e4 Ne6 20. Nc2 Nf4 21. Ne3
g6 22. g3 Nxe2+ 23. Qxe2 Ne8 24. Rfd1 Qg5 25. Nd5 Bxd5 26. Rxd5 Qe7 27. Qd3 Qe6
28. a4 a6 29. Ba3 f5 30. b5 axb5 31. axb5 fxe4 32. fxe4 Rd7 33. c5 bxc5 34.
Rcxc5 dxc5 35. Rxd7 c4 36. Qd5 Qxd5 37. Rxd5 c3 38. b6 c2 39. Bc1 Rb8 40. Rxe5
Nd6 41. Rc5 Rxb6 42. e5 Rb5 43. Rxc2 Rxe5 44. Rc7 Ne8 45. Rc6 Kf7 46. Bb2 Re2
47. Rb6 h5 48. Ba3 Rc2 49. Rb3 Nf6 50. Rb2 1/2-1/2

[Event "SR 2. liga A 2018/2019"]
[Site "?"]
[Date "2019.04.07"]
[Round "11.6"]
[White "Orosi, Peter"]
[Black "Cajka, Tibor"]
[Result "1/2-1/2"]
[WhiteElo "2102"]
[BlackElo "2115"]
[PlyCount "103"]
[EventDate "2018.??.??"]
[WhiteTeam "SK Doprastav"]
[BlackTeam "SK Osuske B"]

1. d4 Nf6 2. c4 c5 3. Nf3 cxd4 4. Nxd4 e5 5. Nf3 e4 6. Nd4 d5 7. Nc3 dxc4 8.
Qa4+ Bd7 9. Qxc4 Nc6 10. Nxc6 Bxc6 11. Be3 Qa5 12. g3 Nd5 13. Bd4 e3 14. f3
Nxc3 15. bxc3 Qg5 16. Bg2 Qg6 17. Qd3 Bd6 18. Qxg6 hxg6 19. O-O O-O 20. Bxe3
Rfe8 21. Kf2 Rad8 22. Bd4 Bb5 23. Rfe1 Bc4 24. e3 Ba3 25. Bf1 Rc8 26. Bxc4 Rxc4
27. Bxa7 Rxc3 28. Re2 b5 29. Bd4 Rc4 30. Rb1 b4 31. Rd2 Rec8 32. Ke2 Bc1 33.
Rd1 f6 34. Kd3 g5 35. Bb2 Bxb2 36. Rxb2 Rc3+ 37. Ke2 R8c4 38. Rd3 Rc1 39. Rdb3
g4 40. f4 f5 41. Kd3 Rc6 42. Rxb4 Rd6+ 43. Rd4 Ra6 44. a4 Ra1 45. Rd5 Ra3+ 46.
Kd4 R3xa4+ 47. Kc3 Ra3+ 48. Kc2 Rxe3 49. Rxf5 Re2+ 50. Kb1 Re1+ 51. Kc2 Re2+
52. Kb1 1/2-1/2

[Event "SR 2. liga A 2018/2019"]
[Site "?"]
[Date "2019.04.07"]
[Round "11.7"]
[White "Gzib, David"]
[Black "Macka, Oto"]
[Result "1/2-1/2"]
[WhiteElo "2024"]
[BlackElo "2089"]
[PlyCount "182"]
[EventDate "2018.??.??"]
[WhiteTeam "SK Osuske B"]
[BlackTeam "SK Doprastav"]

1. e4 c5 2. Nf3 Nc6 3. d4 cxd4 4. Nxd4 e5 5. Nb5 d6 6. N1c3 a6 7. Na3 b5 8. Nd5
Nf6 9. Bg5 Be7 10. Bxf6 Bxf6 11. c4 b4 12. Nc2 a5 13. Be2 Bg5 14. Bg4 O-O 15.
Bxc8 Rxc8 16. O-O g6 17. Qd3 f5 18. f3 Rf7 19. a3 bxa3 20. Rxa3 Rb8 21. b3 Qd7
22. Rb1 Rbf8 23. b4 fxe4 24. Qxe4 axb4 25. Ncxb4 Nd4 26. Nd3 Qc8 27. c5 dxc5
28. Nxe5 Re8 29. f4 Bxf4 30. Nxf4 Rxf4 31. Qd5+ Qe6 32. Qxe6+ Nxe6 33. Rf1
Rxf1+ 34. Kxf1 Kg7 35. Ng4 Re7 36. Rc3 Ra7 37. Re3 Kf7 38. Ne5+ Kf6 39. Ng4+
Ke7 40. Ne5 Ra2 41. Rh3 Nf8 42. Nc4 Ke6 43. Rd3 Ra4 44. Re3+ Kf6 45. Rf3+ Ke7
46. Nb6 Rd4 47. Nc8+ Ke8 48. Nb6 Ne6 49. Re3 Ke7 50. Ke2 h5 51. g3 g5 52. Rd3
Kd6 53. Rxd4+ Nxd4+ 54. Ke3 Kc6 55. Nc4 Nf5+ 56. Kd3 Kd5 57. Nb6+ Ke6 58. Na4
c4+ 59. Kxc4 Ne3+ 60. Kd3 Nf1 61. Ke2 Nxh2 62. Kf2 Kf5 63. Nc3 Ng4+ 64. Kf3
Ne5+ 65. Kg2 Nd3 66. Kf3 Ke5 67. Nd1 Kd4 68. Ne3 Ne5+ 69. Ke2 Ke4 70. Kf2 Nc6
71. Nf1 Nd4 72. Nd2+ Kf5 73. Kg2 g4 74. Nf1 Ke4 75. Kf2 Nf5 76. Ke2 Kd4 77. Kd2
Nd6 78. Ke1 Kd3 79. Kf2 Ne4+ 80. Ke1 Ng5 81. Kf2 Nh3+ 82. Ke1 Ng1 83. Kf2 Nf3
84. Ne3 Nd2 85. Nf5 Ne4+ 86. Kg2 Ke2 87. Nd4+ Kd2 88. Ne6 Ke1 89. Nf4 Nf6 90.
Kg1 Kd2 91. Kf2 Ne4+ 1/2-1/2

[Event "SR 2. liga A 2018/2019"]
[Site "?"]
[Date "2019.04.07"]
[Round "11.8"]
[White "Bednar, Jan"]
[Black "Diviak, Rastislav"]
[Result "1/2-1/2"]
[WhiteElo "2062"]
[BlackElo "1995"]
[PlyCount "113"]
[EventDate "2018.??.??"]
[WhiteTeam "SK Doprastav"]
[BlackTeam "SK Osuske B"]

1. c4 e5 2. Nc3 Nf6 3. g3 d5 4. cxd5 Nxd5 5. Bg2 Nb6 6. Nf3 Nc6 7. O-O Be7 8.
d3 O-O 9. a3 a5 10. Be3 Be6 11. Rc1 Qd7 12. Na4 Nxa4 13. Qxa4 Bh3 14. Bxh3 Qxh3
15. Rxc6 bxc6 16. Nxe5 Bf6 17. Nxc6 h5 18. Bd4 Qg4 19. e4 Qf3 20. Bxf6 Qxf6 21.
e5 Qe6 22. Rc1 Rfe8 23. Qc4 Qh3 24. d4 Re6 25. d5 Rh6 26. Ne7+ Kh8 27. Rc3 Re8
28. d6 cxd6 29. Qxf7 Rxe7 30. Qxe7 h4 31. Rc7 Qg4 32. Qf8+ Kh7 33. h3 Qd1+ 34.
Kg2 Qd5+ 35. Qf3 Qxe5 36. Qd3+ Rg6 37. Rc3 hxg3 38. fxg3 Kh6 39. Qe3+ Qg5 40.
Qxg5+ Rxg5 41. Rd3 d5 42. Kf3 Kg6 43. Ke2 Kf6 44. Re3 Rh5 45. g4 Rh8 46. b3 Rc8
47. Kd3 Rc1 48. Kd4 Rd1+ 49. Rd3 Ra1 50. b4 axb4 51. axb4 Ke6 52. Kc5 Rc1+ 53.
Kb6 Ke5 54. Re3+ Kf4 55. Re7 d4 56. Rxg7 d3 57. Rd7 1/2-1/2

[Event "SR 2. liga A 2018/2019"]
[Site "?"]
[Date "2019.04.07"]
[Round "11.1"]
[White "Lintner, Igor"]
[Black "Sukuba, Zdeno"]
[Result "1/2-1/2"]
[WhiteElo "2201"]
[BlackElo "2129"]
[PlyCount "28"]
[EventDate "2018.??.??"]
[WhiteTeam "SK Nafta Gbely"]
[BlackTeam "SK Krasnany"]

1. d4 Nf6 2. Bf4 d5 3. e3 e6 4. c3 c5 5. Nd2 Nc6 6. Be2 Be7 7. h3 a6 {=} 8.
Ngf3 b5 9. O-O Bb7 10. Ne5 O-O 11. Bd3 c4 12. Bb1 Rc8 13. Nxc6 Bxc6 14. a3 a5
1/2-1/2

[Event "SR 2. liga A 2018/2019"]
[Site "?"]
[Date "2019.04.07"]
[Round "11.2"]
[White "Janos, Ivan"]
[Black "Kovac, Andrej"]
[Result "1/2-1/2"]
[WhiteElo "2098"]
[BlackElo "2221"]
[PlyCount "110"]
[EventDate "2018.??.??"]
[WhiteTeam "SK Krasnany"]
[BlackTeam "SK Nafta Gbely"]

1. e4 e6 2. d4 d5 3. e5 c5 4. c3 Nc6 5. Nf3 Qb6 6. a3 Nge7 7. b4 cxd4 8. cxd4
Nf5 9. Bb2 Be7 10. Bd3 Bd7 11. Bxf5 exf5 12. Nc3 Be6 13. Qd2 O-O 14. O-O Rfc8
15. Rac1 h6 16. Na4 Qb5 17. Nc3 Qb6 18. Na4 Qd8 19. Nc5 b6 20. Nd3 Rc7 21. Bc3
a6 22. a4 g5 23. g3 Qf8 24. Kh1 Rac8 25. h4 Qg7 26. Rg1 Qg6 27. Nf4 Qh7 28. Nh5
Kh8 29. b5 axb5 30. axb5 Na7 31. Qd3 Qg6 32. Nf6 Bxf6 33. exf6 Qxf6 34. Bd2 f4
35. Rxc7 Rxc7 36. hxg5 hxg5 37. gxf4 g4 38. Ng5 Bf5 39. Qa3 Kg7 40. Qb3 Rc4 41.
f3 Qxd4 42. fxg4 Be4+ 43. Nxe4 Qxe4+ 44. Rg2 Rc2 45. Bc3+ Rxc3 46. Qxc3+ d4 47.
Qc4 Qxf4 48. Kg1 Qe4 49. Rf2 Qe1+ 50. Qf1 Qxf1+ 51. Kxf1 Nxb5 52. Rb2 Nc3 53.
Rxb6 Nd5 54. Rb5 Ne3+ 55. Ke2 Kg6 1/2-1/2

[Event "SR 2. liga A 2018/2019"]
[Site "?"]
[Date "2019.04.07"]
[Round "11.3"]
[White "Sosovicka, Juraj"]
[Black "Biro, Karol"]
[Result "1-0"]
[WhiteElo "2136"]
[BlackElo "2047"]
[PlyCount "93"]
[EventDate "2018.??.??"]
[WhiteTeam "SK Nafta Gbely"]
[BlackTeam "SK Krasnany"]

1. e4 d5 2. exd5 Qxd5 3. Nc3 Qa5 4. d4 c6 5. Bd2 Nf6 6. Bc4 Bf5 7. Qe2 Qc7 8.
O-O-O e6 9. Nf3 Nbd7 10. h3 O-O-O 11. Nh4 Bg6 12. Bb3 Nb6 13. Bg5 Be7 14. Rhe1
Nfd5 15. Bxe7 Nxc3 16. Bxe6+ fxe6 17. Qxe6+ Rd7 18. Nxg6 hxg6 19. bxc3 Qf4+ 20.
Kb2 Qxf2 21. Re2 Qf5 22. Qxf5 gxf5 23. Bg5 Nc4+ 24. Kb3 b5 25. Rf1 Rf7 26. Rfe1
Rhf8 27. a4 Kb7 28. axb5 cxb5 29. Kb4 a6 30. Re6 Rc8 31. Bf4 Rd8 32. Bg5 Rdd7
33. Rg6 Rd6 34. Ree6 Rxe6 35. Rxe6 f4 36. h4 Ne3 37. Kc5 Rc7+ 38. Kd6 Nxg2 39.
d5 f3 40. Be3 Nf4 41. Re8 Rf7 42. Bd4 Ne2 43. Bf2 Nxc3 44. Ke6 Rf6+ 45. Ke5 Rf7
46. d6 Rd7 47. Ke6 1-0

[Event "SR 2. liga A 2018/2019"]
[Site "?"]
[Date "2019.04.07"]
[Round "11.4"]
[White "Povysil, Peter"]
[Black "Brunovsky, Peter"]
[Result "1/2-1/2"]
[WhiteElo "1973"]
[BlackElo "1900"]
[PlyCount "29"]
[EventDate "2018.??.??"]
[WhiteTeam "SK Krasnany"]
[BlackTeam "SK Nafta Gbely"]

1. Nf3 d5 2. e3 c6 3. d4 Bf5 4. Nbd2 e6 5. Be2 Bd6 6. c4 Nd7 7. Qb3 Rb8 8. O-O
h6 9. Bd3 Bxd3 10. Qxd3 f5 11. cxd5 cxd5 12. b3 Ngf6 13. Bb2 O-O 14. Ne5 Rc8
15. f4 1/2-1/2

[Event "SR 2. liga A 2018/2019"]
[Site "?"]
[Date "2019.04.07"]
[Round "11.5"]
[White "Kubis, Ivan"]
[Black "Mandak, Miroslav"]
[Result "0-1"]
[WhiteElo "1866"]
[BlackElo "1972"]
[PlyCount "94"]
[EventDate "2018.??.??"]
[WhiteTeam "SK Nafta Gbely"]
[BlackTeam "SK Krasnany"]

1. e4 c5 2. Nf3 e6 3. d4 cxd4 4. Nxd4 Nf6 5. Nc3 Nc6 6. Nxc6 bxc6 7. e5 Nd5 8.
Ne4 Qc7 9. f4 Qb6 10. Bd3 Ba6 11. a3 Bxd3 12. Qxd3 f5 13. exf6 Nxf6 14. Be3
Qa5+ 15. Bd2 Qd5 16. Nxf6+ gxf6 17. Qxd5 cxd5 18. Bc3 Kf7 19. Rd1 Rg8 20. g3 f5
21. Ke2 Be7 22. Rd3 Rac8 23. Kd2 h5 24. Bd4 Rc7 25. Rf1 Rb7 26. Rff3 Bd6 27.
Rb3 Rgb8 28. Rxb7 Rxb7 29. Rb3 Rxb3 30. cxb3 Bb8 31. b4 d6 32. b5 e5 33. Bf2
Ke6 34. Kd3 d4 35. fxe5 dxe5 36. Kc4 Kd6 37. Be1 Bc7 38. a4 Kd7 39. Kd5 d3 40.
b4 e4 41. Kd4 Bb6+ 42. Kc4 Bg1 43. h3 Bf2 44. Bc3 Bxg3 45. a5 Kc8 46. b6 axb6
47. a6 Bf4 0-1

[Event "SR 2. liga A 2018/2019"]
[Site "?"]
[Date "2019.04.07"]
[Round "11.6"]
[White "Zacik, Anton"]
[Black "Danada, Ondrej"]
[Result "0-1"]
[WhiteElo "1945"]
[BlackElo "1859"]
[PlyCount "76"]
[EventDate "2018.??.??"]
[WhiteTeam "SK Krasnany"]
[BlackTeam "SK Nafta Gbely"]

1. e4 c6 2. d4 d5 3. exd5 cxd5 4. Bd3 Nc6 5. c3 Nf6 6. h3 e5 7. dxe5 Nxe5 {=}
8. Bb5+ Bd7 9. Bxd7+ Qxd7 10. Ne2 {=} Qf5 11. Qa4+ Kd8 12. O-O Bc5 13. Nd4 Qg6
14. Nd2 Re8 15. N2f3 Nd3 16. Bg5 Ke7 17. Qb5 Kf8 18. Rad1 Bxd4 19. cxd4 Nxf2
20. Rxf2 Ne4 21. Re2 Nxg5 22. Ne5 Nxh3+ 23. Kh2 Qh5 24. Nd7+ Kg8 25. Nf6+ gxf6
26. Rxe8+ Rxe8 27. Qxe8+ Kg7 28. Re1 Nf4+ 29. Kg3 Qg5+ 30. Kf3 Ne6 31. Rxe6 {=}
Qf5+ 32. Kg3 Qxe6 33. Qa4 Qe3+ 34. Kh2 Qf4+ 35. Kh3 a6 36. g3 Qf1+ 37. Kh4 h5
38. Kxh5 Qh3# 0-1

[Event "SR 2. liga A 2018/2019"]
[Site "?"]
[Date "2019.04.07"]
[Round "11.7"]
[White "Zajicek, Ferdinand"]
[Black "Mikudik, Ivan"]
[Result "0-1"]
[WhiteElo "1693"]
[BlackElo "1901"]
[PlyCount "80"]
[EventDate "2018.??.??"]
[WhiteTeam "SK Nafta Gbely"]
[BlackTeam "SK Krasnany"]

1. e4 e6 2. d4 d5 3. e5 c5 4. c3 Nc6 5. Nf3 Qb6 6. Be2 cxd4 7. cxd4 Nge7 8. O-O
Nf5 9. Nc3 Nfxd4 10. Nxd4 Qxd4 11. Qxd4 Nxd4 12. Bd3 a6 13. Be3 Nc6 14. Bf4 Bc5
15. Na4 Bd4 16. Rac1 O-O 17. Rfe1 Nb4 18. Bb1 b5 19. Nc5 Bxb2 20. Rcd1 a5 21.
Bd2 Nc6 22. f4 Nb8 23. Re2 Bd4+ 24. Be3 Bxe3+ 25. Rxe3 Nd7 26. Nb3 Nb6 27. Rc3
Nc4 28. Kf2 b4 29. Rh3 g6 30. Rg3 f6 31. Bxg6 hxg6 32. Rxg6+ Kh7 33. Rg4 fxe5
34. Rd3 Rxf4+ 35. Rxf4 exf4 36. Rh3+ Kg7 37. Rh5 a4 38. Nc5 Ra5 39. Nd3 b3 40.
Nxf4 b2 0-1

[Event "SR 2. liga A 2018/2019"]
[Site "?"]
[Date "2019.04.07"]
[Round "11.1"]
[White "Gasa, Patrik"]
[Black "Kavon, Rastislav"]
[Result "0-1"]
[WhiteElo "2180"]
[BlackElo "2174"]
[PlyCount "50"]
[EventDate "2018.??.??"]
[WhiteTeam "SK Kupele Piestany"]
[BlackTeam "Lokomotiva Trnava"]

1. d4 Nf6 2. c4 g6 3. g3 Bg7 4. Bg2 O-O 5. Nc3 d6 6. Nf3 Nc6 7. O-O e5 8. d5
Nb8 9. e4 Nbd7 10. b4 a5 11. Ba3 axb4 12. Bxb4 Ne8 13. Nd2 f5 14. Nb3 Ndf6 15.
Nd2 Bh6 16. Re1 f4 17. f3 fxg3 18. hxg3 c5 19. dxc6 Qb6+ 20. c5 Qxb4 21. cxd6
Qxc3 22. d7 Nxd7 23. cxd7 Bxd7 24. Qb3+ Qxb3 25. Nxb3 Nc7 0-1

[Event "SR 2. liga A 2018/2019"]
[Site "?"]
[Date "2019.04.07"]
[Round "11.2"]
[White "Nicolini, Alexander"]
[Black "Abel, Peter"]
[Result "1-0"]
[WhiteElo "2155"]
[BlackElo "2221"]
[PlyCount "93"]
[EventDate "2018.??.??"]
[WhiteTeam "Lokomotiva Trnava"]
[BlackTeam "SK Kupele Piestany"]

1. e4 Nf6 2. Nc3 d5 3. exd5 Nxd5 4. Bc4 e6 5. d4 Nc6 6. Nf3 Bb4 7. Bd2 Nb6 8.
Bb5 Bd7 9. O-O O-O 10. a3 Be7 11. Ne4 Nd5 12. Re1 Nf6 13. Ng3 Kh8 14. Bd3 Rc8
15. c4 Nb8 16. Qe2 c6 17. Bc3 Be8 18. Nf5 Nbd7 19. Nxe7 Qxe7 20. Rad1 b6 21. h3
Qd6 22. b4 Qf4 23. g3 Qc7 24. Bd2 c5 25. Bf4 Qb7 26. dxc5 bxc5 27. b5 Qb6 28.
a4 Qa5 29. Bd2 Qc7 30. a5 Rd8 31. Bc3 Ng8 32. Bc2 Ndf6 33. Rxd8 Qxd8 34. Rd1
Qc8 35. Ne5 Ne7 36. g4 Ng6 37. Nxg6+ fxg6 38. Qd2 Bf7 39. Qd6 e5 40. b6 axb6
41. axb6 Kg8 42. Bxe5 Bxc4 43. Qc7 Ba6 44. g5 Qxh3 45. gxf6 gxf6 46. Bg3 f5 47.
Bb3+ 1-0